<?xml version="1.0" encoding="UTF-8"?>
<marc:record xmlns:marc="http://www.loc.gov/MARC21/slim">
   <marc:leader>00000nam a2200000 a 4500</marc:leader>
   <marc:datafield ind1="0" ind2="0" tag="245">
      <marc:subfield code="a">Festivale</marc:subfield>
   </marc:datafield>
   <marc:datafield ind1=" " ind2="1" tag="264">
      <marc:subfield code="c">1695</marc:subfield>
   </marc:datafield>
   <marc:datafield ind1=" " ind2=" " tag="250">
      <marc:subfield code="a">[Bindeeinheit]</marc:subfield>
   </marc:datafield>
   <marc:datafield ind1="1" ind2=" " tag="520">
      <marc:subfield code="a">Stempel am Titelbl. Band 2/1: Kapuziner Bibliothek Ried-Tirol; Druckermarke am Titelbl. http://zentralbibliothek.kapuziner.at/kupferstiche/provinzbibliothek/provinzbibliothek_3131.jpg, Verzierungen und Zierholzschnitt im Text; gelber Schweinsledereinband auf Buchdeckeln aus Holz, Leder der Buchdeckel mit Streicheisenlinien, fleuralen Bordüren und fleuralen Einzelelementen und rautenförmigen Elementen in der Mitte der Buchdeckel in Blindprägung verziert, Buchrücken mit 4 Bünden, Aufschrift "Dominicale || Festivale || R. P. P. Heriberti || II." und Signatur "4/11", zwei geschwungene Knopfschließen aus Messing mit Lederscharnieren, türkise Schnittkante.</marc:subfield>
   </marc:datafield>
   <marc:datafield ind1=" " ind2=" " tag="041">
      <marc:subfield code="a">ger</marc:subfield>
   </marc:datafield>
   <marc:datafield ind1=" " ind2=" " tag="500">
      <marc:subfield code="a">Titelbl. in Rot- und Schwarzdr.</marc:subfield>
   </marc:datafield>
   <marc:datafield ind1="0" ind2=" " tag="490">
      <marc:subfield code="v">2,[2].</marc:subfield>
   </marc:datafield>
   <marc:datafield ind1=" " ind2=" " tag="300">
      <marc:subfield code="a">[4] Bl., 401, [1] S., [7] Bl.</marc:subfield>
   </marc:datafield>
</marc:record>
